Statistiques concernant la ligne A du RER : Les Gares

Cliquez ici pour prendre le quiz!

Statistiques générales

  • Ce quiz a été pris 194 fois
  • Le résultat moyen est 32 sur 46

Statistiques - réponses

n° / directionsGaresCorrespondances% Correct
27La DéfenseTrain L U T 2 M 1
98%
23Gare de LyonRER D Train R M 1 14
95%
22NationM 1 2 6 9
95%
24Châtelet - Les HallesRER B D M 1 4 7 11 14
92%
25AuberM 3 7 8 9
91%
29 (vers S-G)Nanterre-UniversitéTrain L
90%
35Saint-Germain-en-Laye
89%
26Charles-de-Gaulle - EtoileM 1 2 6
87%
28 (séparation S-G / P/C)Nanterre-Préfecture
85%
40PoissyTrain J
85%
21 (séparation M-V / B)Vincennes
82%
12Boissy-Saint-Léger
79%
1Marne-la-Vallée - Chessy
79%
46Cergy-le-HautTrain L
78%
44Cergy-PréfectureTrain L
77%
4Torcy
77%
30Nanterre-Ville
76%
31Rueil-Malmaison
76%
11 (vers M-V)Val de FontenayRER E
73%
37SartrouvilleTrain L
70%
41 (vers C.)Achères-VilleTrain L
69%
36 (vers P/C)Houilles - Carrières-sur-SeineTrain J L
69%
2Val d'Europe
69%
6Noisiel
67%
39 (vers P.)Achères - Grand-Cormier
66%
45Cergy-Saint-ChristopheTrain L
66%
34Le Vésinet - Le Pecq
65%
20 (vers B.)Fontenay-sous-Bois
64%
5Lognes
63%
38 (séparation P / C)Maisons-LaffitteTrain L
62%
42Conflans-Fin-d'OiseTrain J L
60%
32Chatou - Croissy
59%
18Joinville-le-Pont
59%
8Noisy-le-Grand-Mont d'Est
59%
7Noisy - Champs
58%
33Le Vésinet-Centre
57%
17Saint-Maur - Créteil
57%
9Bry-sur-Marne
55%
3Bussy-Saint-Georges
55%
10Neuilly-Plaisance
55%
43Neuville-UniversitéTrain L
55%
13Sucy - Bonneuil
53%
15Champigny
52%
16Le Parc de Saint-Maur
51%
14La Varenne - Chennevières
48%
19Nogent-sur-Marne
48%

Distribution des résultats

Percentile par nombre de réponses

% des personnes avec chaque résultat

Votre développement - résultats

Vous n’avez pas pris ce quiz